=LDR 00000nam 2200000 4500 =001 000958 =005 20250712013943 =035 ##$$a 0010-0725000837 =007 ta =008 250712################a##########0#ind## =020 ##$$a 978-623-307-378-3 =082 ##$$a 398.209 598 =084 ##$$a 398.209 598 SAN s =100 #$$a Sanjay sanjiv =245 1#$$a Samson bermain kriket /$c Sanjiv jaiswal 'sanjay' =250 ##$$a Cetakan pertama =260 ##$$a Rawamangun :$b Badan pengembangan dan pembinaan bahasa,$c 2022 =300 ##$$a 16 hlm. : $b Ilus. ; $c 21 cm. =650 #4$$a Cerita anak indonesia-terjemahan =650 #4$$a Literasi-bahan bacaan